Tiểu thuyết Việt Nam trong quá trình hiện đại hoá văn học nửa đầu thế kỉ /

Đã lưu trong:
Sonraí Bibleagrafaíochta
Príomhúdar: Bích Thu
Formáid: Bài viết
Teanga:Vietnamese
Ábhair:
Clibeanna: Cuir Clib Leis
Gan Chlibeanna, Bí ar an gcéad duine leis an taifead seo a chlibeáil!
Thư viện lưu trữ: Thư viện Trường Đại học Đà Lạt
LEADER 00797nam a2200265 4500
001 DLU040027496
040 # # |a DLU  |b vie 
041 # # |a vie 
044 # # |a vn 
100 # # |a Bích Thu 
245 # # |a Tiểu thuyết Việt Nam trong quá trình hiện đại hoá văn học nửa đầu thế kỉ /  |c Bích Thu 
653 # # |a Hiện đại hoá 
653 # # |a Nửa đầu thế kỉ XX 
653 # # |a Tiểu thuyết 
773 # # |a Tạp chí Văn học.  |g  Số 4(350) tháng 4 - 2001, tr. 61 - 68 
920 # # |a Phòng Tạp chí -- Trung tâm Thông tin - Thư viện Trường Đại học Đà Lạt 
933 # # |a NV 
994 # # |a DLU 
900 # # |a True 
911 # # |a Nguyễn Năng Hải 
925 # # |a G 
926 # # |a A 
927 # # |a BB 
980 # # |a Thư viện Trường Đại học Đà Lạt